00782nac a22002051u 4500010001600000020002200016082001400038090001500052100003400067245011100101250001200212260005500224300005700279504005300336650001600389700002200405942001600427999001500443952011800458 a 99057549 a013017601X (pbk.)00a658bR632 c4242d4242 aRobbins, Stephen P., 10aFundamentals of management :bessential concepts and applications /cStephen P. Robbins, David A. DeCenzo. a3rd ed. aUpper Saddle River, N.J. :bPrentice Hall,cc2001. a1 v. (various pagings) :bill. (some col.) ;c26 cm. aIncludes bibliographical references and indexes. 0aManagement.1 aDeCenzo, David A. cBBk658R632 c4242d4242 00104070aMAINbMAINc1STd2007-09-02ePurchasel4m28o658 ROBp000005206r2025-07-15 00:00:00s2018-02-27yBB